01327nam a2200157 a 4500008004100000020001500041041000800056100002000064245005300084250005000137260003900187300001100226500009800237505081900335655001501154190917t2001 sp |||g |||| 001 0 spa d a8420634093 aspa1 aSalinger, J. D.3 aEl guardián entre el centeno /cJ. D. Salinger a1a ed. 4ta reimp.bTraducción Carmen Criado aMadrid:bAlianza editorial;c2001. a228 p. aSalinger, J. D. (2001). El guardián entre el centeno. (1a ed.). Madrid : Alianza editorial. aSi de verdad les interesa lo que voy a contarles, lo primero que querrán saber es dónde nací, cómo fue todo ese rollo de mi infancia, qué hacían mis padres antes de tenerme a mí, y demás puñetas estilo David Copperfield, pero no tengo ganas de contarles nada de eso. Primero porque es una lata, y, segundo, porque a mis padres les daría un ataque si yo me pusiera aquí a hablarles de su vida privada. Para esas cosas son muy especiales, sobre todo mi padre. Son buena gente, no digo que no, pero a quisquillosos no hay quien les gane. Además, no crean que voy a contarles mi autobiografía con pelos y señales. Sólo voy a contarles una cosa de locos que me pasó durante las Navidades pasadas, antes de que me quedara tan débil que tuvieran que mandarme aquí a reponerme un poco.  aLiteratura